000 00488nam a22001817a 4500
003 OSt
005 20260413035216.0
008 260413b |||||||| |||| 00| 0 eng d
020 _a0-373-38705-9.
040 _aDWC-Main lib.
_cOC
082 _aFic. T949v 2001
100 _aTurner, Linda
245 _aThe virgin mistress/
_cLinda Turner
260 _aNew York :
_bSilhouette Books,
_cc2001.
300 _a251 p. ;
_c17 cm.
650 _a1. Fiction.
942 _2ddc
_cFIC.
_hFic.
_n0
999 _c9377
_d9377